Cristoforo Colombo: gênio do mar
محفوظ في:
| المؤلف الرئيسي: | |
|---|---|
| التنسيق: | كتاب |
| اللغة: | البرتغالية |
| منشور في: |
Roma
Instituto Poligrafico e Zeca dello Stato
1991
|
| الموضوعات: | |
| الوسوم: |
إضافة وسم
لا توجد وسوم, كن أول من يضع وسما على هذه التسجيلة!
|
MARC
| LEADER | 00000nam a2200000 a 4500 | ||
|---|---|---|---|
| 001 | UCP6372 | ||
| 003 | CL-VaPUC | ||
| 008 | 991022e19910000IT |||||||||||||||||por|d | ||
| 082 | 0 | 4 | |a 929.3 |b TAV |2 21 |
| 100 | 0 | |a Taviani, Paolo Emilio |e author |9 435481 | |
| 245 | 1 | 0 | |a Cristoforo Colombo: gênio do mar |
| 300 | |a 97 p | ||
| 942 | |c BK | ||
| 945 | |d 19991022 00:00:00 |a lriquelm | ||
| 260 | |a Roma |b Instituto Poligrafico e Zeca dello Stato |c 1991 | ||
| 600 | 0 | 7 | |a COLON, CRISTOBAL |2 CL-VaPUC |9 265189 |
| 650 | 0 | |a Genealogía |9 255285 | |
| 650 | 7 | |a FUENTES GENEALOGICAS |2 CL-VaPUC |9 318498 | |
| 650 | 7 | |a EXPLORADORES |2 CL-VaPUC |9 314661 | |
| 583 | |a last modification |c 19991022 00:00:00 |k Rodrigo Vera | ||
| 999 | |c 283959 |d 283957 | ||
| 952 | |0 0 |1 0 |4 0 |6 929_300000000000000_TAV_1991 |7 0 |8 A |9 327524 |a BIBHIS |b BIBHIS |d 2019-11-20 |i 1383361 |o 929.3 TAV 1991 |p 1383361 |r 2025-01-20 |w 2019-11-20 |y BK |k HIS | ||